000 00456nam a2200181Ia 4500
008 180921t2017 xxu||||| |||| 00| 0 sin d
041 _asin
080 _a8-31
_bWEL
100 _aWells, H.G.
245 _aකාල යාත්‍රාව
246 _aKala Yatrawa
260 _bGunasena
_aColombo
_c2017
300 _a18cm, 76p
700 _aMahiyangoda Premasiri
_etr.
942 _cBK
999 _c10889
_d10889
003 LK-CoDNM
040 _aLK-CoDNM
_dLK-CoDNM
_eLK-CoDNM